Chamán / (Registro nro. 8433)

Detalles MARC
000 -LIDER
fixed length control field 00776nam a22002897a 4500
001 - NÚMERO DE CONTROL
Identificador de número de control 00260
003 - IDENTIFICACDOR DE NÚMERO DE CONTROL
control field DO-SdBNP
005 - DATE AND TIME OF LATEST TRANSACTION
control field 20180119132827.0
008 - ELEMENTOS DE LONGITUD FIJA
fixed length control field 151022b sp 2000 xxu||||| |||| 00| 0 spa d
020 ## - ISBN
International Standard Book Number 8495501600
040 ## - FUENTE DE CATALOGACIÓN
Agencia que crea de manera original el registro BPMSU
Idioma de catalogación spa
Agencia que realiza la transcripción BPMSU
041 ## - CÓDIGOS DE OBRAS TRADUCIDAS O EN VARIOS IDIOMAS
Código del idioma del texto/archivo de sonido o separata spa
Cód. del idioma original y/o traducciones intermedias del texto eng
092 ## - LOCALLY ASSIGNED DEWEY DECIMAL CALL NUMBER
Número de clasificación xxxx
Número de ítem (Cutter) xxxx
100 1# - ASIENTO PRINCIPAL -- NOMBRE PERSONAL
Nombre personal Gordon, Noah,
Fechas asociadas con el nombre 1926-
240 10 - TITULO UNIFORME
Título uniforme Shaman /
Idioma de una obra eng.
245 10 - MENCIÓN DE TITULO
Título Chamán /
Mención de responsabilidad Noah Gordon ; traducción Elsa Mateo.
250 ## - MENCIÓN DE EDICION
Mención de edición 3ª ed.
260 ## - PUBLICACIÓN, DISTRIBUCIÓN, ETC. (PIE DE IMPRENTA)
Lugar de publicación, distribución, etc Madrid :
Nombre del editor, distribuidor, etc. Suma de Letras,
Fecha de publicación, distribución, etc 2000.
300 ## - DESCRIPCIÓN FÍSICA
Extensión 857 p.
Dimensiones 18 cm.
490 ## - MENCIÓN DE SERIES
Mención de serie Punto de lectura
Volume/sequential designation 2-2
700 ## - ASIENTO SECUNDARIO -- NOMBRE PERSONAL
Nombre personal Mateo, Elsa,
Mención de responsabilidad tr.
830 ## - ASIENTO SECUNDARIO DE SERIE--TÍTULO UNIFORME
Materiales especificados Punto de lectura
Enlace 2-2
910 ## - VALIDACIÓN
Validación 00260
942 ## - ADDED ENTRY ELEMENTS (KOHA)
Source of classification or shelving scheme Dewey Decimal Classification
Koha item type Libros
945 ## - INFORMACIÓN DE PROCESAMIENTO LOCAL
Información de procesamiento local Inventariado, 2018 / YL
956 ## - LOCAL ELECTRONIC LOCATION AND ACCESS (OCLC)
Nombre de host Lorenza Pérez
Número de acceso 10
Información de compresión BPMSU
Existencias
Withdrawn status Lost status Source of classification or shelving scheme Damaged status Not for loan Collection code Home library Current library Date acquired Total Checkouts Barcode Date last seen Price effective from Koha item type
    Dewey Decimal Classification     Colección General Biblioteca Pública Metropolitana Salomé Ureña Biblioteca Pública Metropolitana Salomé Ureña 10/22/2015   BPMSU15100157 10/22/2015 10/22/2015 Libros